| 000 | 00575cam a22001814a 4500 | ||
|---|---|---|---|
| 020 | _a0805833331 (alk. paper) | ||
| 040 | _cDLC | ||
| 082 | 0 | 0 | _a658 LAW 2001 A056 Or. |
| 245 | 0 | 0 |
_aOrganizational cognition : _bcomputation and interpretation / |
| 260 |
_aMahwah, N.J. : _bLawrence Erlbaum Associates, _c2001 |
||
| 300 |
_axiii, 389 p. : _bill. ; _c24 cm. |
||
| 650 | 0 | _aKnowledge management. | |
| 650 | 0 | _aDecision making. | |
| 700 | 1 | _aLant, Theresa K. | |
| 700 | 1 | _aShapira, Zur. | |
| 856 | 4 | 2 | _uhttp://www.loc.gov/catdir/enhancements/fy0634/99047155-d.html |
| 942 | _cEK | ||
| 999 |
_c15853 _d15853 |
||